College Football Color-Swap: Conference-USA - Statistics

General Stats
  • This quiz has been taken 21 times
  • The average score is 10 of 12
Answer Stats
Question Answer % Correct
Choose the correct logo:
94%
Choose the correct logo:
89%
Choose the correct logo:
89%
Choose the correct logo:
89%
Choose the correct logo:
83%
Choose the correct logo:
83%
Choose the correct logo:
78%
Choose the correct logo:
78%
Choose the correct logo:
78%
Choose the correct logo:
78%
Choose the correct logo:
78%
Choose the correct logo:
78%
No matching quizzes found
Score Distribution
Percent of People with Each Score
Percentile by Number Answered
Your Score History
You have not taken this quiz